|
|
|
|
| LEADER |
01423nam a2200313 a 4500 |
| 001 |
GR-Antirio850 |
| 008 |
090529s20052006enk b 001 0 gre d |
| 020 |
|
|
|a 0077110005
|
| 040 |
|
|
|a GrPaTEI
|b gre
|c GR-PaULI
|
| 040 |
|
|
|a GrPaTEI
|b gre
|c GR-PaULI
|
| 040 |
|
|
|a GrPaTEI
|b gre
|c GR-PaULI
|
| 082 |
|
0 |
|a 005.117
|2 22
|
| 100 |
0 |
|
|a Bennett, Simon
|
| 245 |
1 |
0 |
|a Object-Oriented systems analysis and design using UML /
|c Bennett, Simon , McRobb, Steve , Farmer, Ray.
|
| 250 |
|
|
|a 3rd ed.
|
| 260 |
|
|
|a London , Boston :
|b McGraw-Hill,
|c c 2006
|
| 300 |
|
|
|a xx. , 698 σ. :
|b εικ. ;
|c 25 εκ.
|
| 504 |
|
|
|a Περιλαμβάνει βιβλιογραφίες και ευρετήριο.
|
| 650 |
|
0 |
|a Object-oriented programming (Computer science)
|
| 650 |
|
0 |
|a System analysis
|
| 650 |
|
0 |
|a System design
|
| 650 |
|
0 |
|a UML (computer science)
|
| 700 |
0 |
|
|a McRobb, Steve
|
| 700 |
1 |
|
|a Farmer, R.
|q (Ray)
|
| 942 |
|
|
|2 ddc
|
| 952 |
|
|
|0 0
|1 0
|2 ddc
|4 0
|6 005_117000000000000_BEN
|7 0
|9 262329
|a LISK-2
|b LISK-2
|c BSC
|d 2021-01-17
|e 24
|f 0
|g 0.00
|l 0
|o 005.117 BEN
|p 2430000007360
|r 2021-01-17 00:00:00
|t 1
|w 2021-01-17
|y BK15
|x 20090529 0 1
|x GrPaTEI - Antirrio
|
| 952 |
|
|
|0 0
|1 0
|2 ddc
|4 0
|6 005_117000000000000_BEN
|7 0
|9 262330
|a LISK-2
|b LISK-2
|c BSC
|d 2021-01-17
|e 24
|f 0
|g 0.00
|l 0
|o 005.117 BEN
|p 2430000007361
|r 2021-01-17 00:00:00
|t 1
|w 2021-01-17
|y BK15
|x 20090529 0 1
|x GrPaTEI - Antirrio
|
| 971 |
|
|
|a .b25706494
|b 01-10-20
|c 12-09-16
|
| 999 |
|
|
|c 151276
|d 151276
|